النشرة السنوية المجمعة : بحث القوى العاملة 2015.

يمثل العنصر البشرى قوة العمل التى تمارس كافة الأنشطة الخدمية والإنتاجية والإستهلاكية في المجتمع، من هنا تأتى أهمية الإحصاءات والدراسات المتعلقة بنمو وتركيب وتوزيع القوى البشرية وقوة العمل بمختلف أنواعها وخصائصها....

全面介绍

Saved in:
书目详细资料
企业作者: الجهاز المركزى للتعبئة العامة والإحصاء
格式: 图书
语言:阿拉伯语
出版: القاهرة : الجهاز المركزى للتعبئة العامة والإحصاء.
主题:
标签: 添加标签
没有标签, 成为第一个标记此记录!

MARC

LEADER 00000nam a22000007a 4500
003 INP
005 20180628120556.0
008 180304buuuuuuuuua ja||f |||| 00| 0 ara d
952 |0 0  |1 0  |4 0  |6 331_881000000000000_ن_ش_2015  |7 0  |8 نشرات التع  |9 380  |a INP  |b INP  |c JOUR  |d 2018-03-04  |l 0  |o 331.881 ن ش 2015  |p 000058  |r 2022-03-28 00:00:00  |w 2018-03-04  |y PUB  |0 0  |0 0 
999 |c 6055  |d 6055 
040 |a EG-INP  |b ara  |c EG-INP 
082 0 4 |2 21  |a 331.881  |b ن ش 2015 
245 0 2 |a النشرة السنوية المجمعة :  |b بحث القوى العاملة 2015. 
260 |a القاهرة :  |b الجهاز المركزى للتعبئة العامة والإحصاء. 
300 |a مج. :  |b إيض. ؛  |c 24 سم. 
310 |a سنوى. 
500 |a يبنى الوصف على عام 2015. 
500 |a إصدار يونيه 2016. 
520 |a يمثل العنصر البشرى قوة العمل التى تمارس كافة الأنشطة الخدمية والإنتاجية والإستهلاكية في المجتمع، من هنا تأتى أهمية الإحصاءات والدراسات المتعلقة بنمو وتركيب وتوزيع القوى البشرية وقوة العمل بمختلف أنواعها وخصائصها. 
650 7 |2 qrmak  |a القوى العاملة. 
650 7 |2 qrmak  |a النقابات. 
650 7 |2 qrmak  |a العمل والعمال. 
650 7 |2 qrmak  |a الهيئات الرقابية. 
650 7 |2 qrmak  |a السياسة العمالية. 
650 7 |2 qrmak  |a التحكيم الصناعى. 
650 7 |2 qrmak  |a الإضرابات العمالية. 
710 2 |a الجهاز المركزى للتعبئة العامة والإحصاء. 
901 |a EGPV3 
902 |a EGPV3 
903 |a original 
942 |2 ddc  |c PUB